01613nam a2200289 a 4500001001500000003000400015005001700019008004100036020003600077020003000113040000900143050001100152082001100163100002500174245008400199250001200283260003800295300002100333520066200354650001601016650002601032700002301058856008201081942001201163999001901175952012901194ASIN1563678594OSt20180116192423.0140715s2010 xxu eng d a1563678594 (paperback)c$105.00 a9781563678592 (paperback) csada04aNK154804a701.851 aDorosz, Chris.9768910aDesigning with color :bconcepts and applications /cChris Dorosz, J.R. Watson. a1st ed. a[S.l.] :bFairchild Books,c2011. a384 p. ;c28 cm. aThis textbook/workbook trains students’ eyes to develop a visual understanding of color and the principles of design through guided observation and engaging activities. Lavishly illustrated with full-color graphics and photos, the book demonstrates how color and other design elements are combined in nature and the visual arts. Part One presents color, the most immediately noticeable element of design. Part Two integrates color with the other design elements and shows how they interact according to the principles of design. Students can apply their learning by completing a series of activities and record their work with photos for future reference. 0aColor97690 0aColor in design976911 aWatson, J.R.97692403Amazon.comuhttp://www.amazon.com/exec/obidos/ASIN/1563678594/chopaconline-20 2ddccBK c353990d353990 00102ddc4070aSADAbSADAd2014-07-15l1m1o701.85 DOR 2011pSADA0002357r2014-11-19s2014-09-18v8160.40w2014-07-15yBK